| 000 | 01082pam a2200301 a 4500 | ||
|---|---|---|---|
| 001 | 4853135 | ||
| 003 | OSt | ||
| 005 | 20140310184443.0 | ||
| 008 | 911007s1992 ctua j 000 0 eng | ||
| 010 | _a 91038752 | ||
| 020 | _a0439250765 | ||
| 040 |
_aDLC _cDLC _dDLC |
||
| 042 | _alcac | ||
| 050 | 0 | 0 |
_aQL 391.A6 _b.G53 2001 |
| 100 | 1 |
_aGlaser, Linda. _927617 |
|
| 245 | 1 | 0 |
_aWonderful worms / _cLinda Glaser ; pictures by Loretta Krupinski. |
| 260 |
_aBrookfield, Conn. : _bMillbrook Press, _c2001. |
||
| 300 |
_bcol. ill. ; _c23 cm. |
||
| 521 | _aG2 | ||
| 526 | _c390 | ||
| 650 | 0 |
_aEarthworms _xJuvenile literature. _927618 |
|
| 650 | 1 |
_aEarthworms. _927619 |
|
| 700 | 1 |
_aKrupinski, Loretta, _eill. _927620 |
|
| 906 |
_a7 _bcbc _corignew _d1 _eocip _f19 _gy-gencatlg |
||
| 942 |
_2lcc _cBK-SCHOLAS |
||
| 999 |
_c34486 _d34486 |
||